| 000 | 00754cam a22002411 4500 | ||
|---|---|---|---|
| 001 | med47001166 | ||
| 003 | DLC | ||
| 005 | 20260227111601.0 | ||
| 008 | 840820s1946 dcu r 000 0 eng c | ||
| 010 | _amed47001166 | ||
| 035 | _a(OCoLC)11073135 | ||
| 040 |
_aU.S. Army Medical Library _cWU-M _dWU-M _dOCoLC _dDLC |
||
| 042 | _apremarc | ||
| 050 | 0 | 0 |
_aRA977 _b.B4 |
| 082 | _a362.13 | ||
| 100 | 1 |
_aBealle, Morris A. _q(Morris Allison), _d1891-1972, _eed. |
|
| 245 | 1 | 0 | _a1946 directory of American sanitaria ... |
| 260 |
_aWashington, _bColumbia Pub. Co., _cc1946. |
||
| 300 |
_a150, [2] p. _c23 cm. |
||
| 650 | 0 |
_aSanatoriums _zUnited States _vDirectories. |
|
| 650 | 0 |
_aSanatoriums _zCanada _vDirectories. |
|
| 740 | 0 | _aDirectory of American sanitaria. | |
| 999 |
_c38268 _d38268 |
||